000 00505nam a2200181Ia 4500
005 20250326124927.0
008 250326s9999 xx 000 0 und d
037 _aTextbook
040 _aFMSL
_beng
_cFMSL
041 _aeng
_2eng
084 _aX:8F L1
_qFMSL
100 _aThacker R J
_9738224
245 0 _aIntroduction to modern accounting
_cThacker R J
260 _aNew Jersey
_bNew Jersey, Prentice-Hall
_c1971
300 _a532p
942 _cTB
_hX:8F L1
999 _c1275803
_d1275803